000 00781nam a2200241Ia 4500
003 OSt
005 20220923220359.0
006 a|||||r|||| 00| 0
007 ta
008 220922b |||||||| |||| 00| 0 hin d
024 _a186,243
037 _cTextual
040 _aARTS
_cARTS
_bhin
041 _2hin
_ahin
082 _aYZ, 152K2
100 _aशर्मा, रामनाथ
_9156318
245 0 _aभारत मे समाज कल्याण और सुरक्षा
246 _aBhārat me samāj kalyāṇ aur surakṣhā
260 _aमेरठ
_b केदारनाथ रामनाथ
_c1962
300 _a50 पृ.
_ccm.
942 _hYZ, 152K2
_cTEXL
_2CC
999 _c339488
_d339488